[Event "22nd ETCC Women 2019"]
[Site "Batumi"]
[Date "2019.10.27"]
[Round "4.24"]
[White "Bengtsson, Siv"]
[Black "Cuvelier, Annelies"]
[Result "1-0"]
[WhiteElo "2086"]
[BlackElo "1844"]
[Annotator "NA"]
[PlyCount "159"]
[EventDate "2019.10.24"]
[EventType "team-tourn"]
[EventCountry "GEO"]
[SourceTitle "playchess.com"]
[Source "ChessBase"]
[SourceQuality "1"]
[WhiteTeam "Sweden"]
[BlackTeam "Belgium"]
[WhiteTeamCountry "SWE"]
[BlackTeamCountry "BEL"]
[TimeControl "40/5400+30:1800+30"]

1. e4 {[%emt 0:00:00]} e5 {[%emt 0:00:00]} 2. Nf3 {[%emt 0:00:00]} Nc6 {[%emt 0:00:00]} 3. Bb5 {[%emt 0:00:00]} a6 {[%emt 0:00:00]} 4. Ba4 {[%emt 0:00:00]} Nf6 {[%emt 0:00:00]} 5. d3 {[%emt 0:00:06]} b5 {[%emt 0:00:35]} 6. Bb3 {[%emt 0:00:08]} d6 {[%emt 0:00:11]} 7. a4 {[%emt 0:03:27]} Bg4 {[%emt 0:04:24]} 8. c3 {[%emt 0:06:55]} Be7 {[%emt 0:02:23]} 9. h3 {[%emt 0:05:40]} Bh5 {[%emt 0:01:00]} 10. O-O {[%emt 0:01:51]} h6 {[%emt 0:07:38]} 11. Nbd2 {[%emt 0:05:08]} O-O {[%emt 0:05:46]} 12. Re1 {[%emt 0:02:28]} Na5 {[%emt 0:04:23]} 13. Bc2 {[%emt 0:12:38]} c5 {[%emt 0:00:36]} 14. Nf1 {[%emt 0:03:53]} Nc6 {[%emt 0:09:16]} 15. Ng3 {[%emt 0:01:41]} Bg6 {[%emt 0:00:55]} 16. Nh4 {[%emt 0:05:09]} Bh7 {[%emt 0:01:43]} 17. Nhf5 {[%emt 0:00:30]} b4 {[%emt 0:01:00]} 18. d4 {[%emt 0:07:41]} cxd4 {[%emt 0:01:39]} 19. cxd4 {[%emt 0:00:10]} a5 {[%emt 0:09:15]} 20. Be3 {[%emt 0:05:38]} Re8 {[%emt 0:03:11]} 21. d5 {[%emt 0:05:08]} Nb8 {[%emt 0:01:09]} 22. Nxe7+ {[%emt 0:00:06]} Qxe7 {[%emt 0:03:30]} 23. Bd3 {[%emt 0:02:05]} Rc8 {[%emt 0:07:09]} 24. Rc1 {[%emt 0:14:14]} Rxc1 {[%emt 0:01:38]} 25. Bxc1 {[%emt 0:00:47]} Na6 {[%emt 0:02:52]} 26. Be3 {[%emt 0:03:23]} Nc5 {[%emt 0:03:22]} 27. Bxc5 {[%emt 0:00:06]} dxc5 {[%emt 0:00:04]} 28. Qc2 {[%emt 0:01:15]} Rc8 {[%emt 0:06:20]} 29. b3 {[%emt 0:00:49]} Qd6 {[%emt 0:01:01]} 30. Qc4 {[%emt 0:03:49]} Qb6 {[%emt 0:00:39]} 31. Nf1 {[%emt 0:01:05]} Ne8 {[%emt 0:02:56]} 32. Nd2 {[%emt 0:00:15]} Nd6 {[%emt 0:00:24]} 33. Qc2 {[%emt 0:02:33]} Kf8 {[%emt 0:00:45]} 34. Qb2 {[%emt 0:01:17]} f6 {[%emt 0:00:38]} 35. Qc2 {[%emt 0:00:18]} g5 {[%emt 0:01:27]} 36. Qd1 {[%emt 0:00:52]} Bg6 {[%emt 0:00:17]} 37. Qg4 {[%emt 0:01:07]} Re8 {[%emt 0:02:25]} 38. Rc1 {[%emt 0:00:54]} Re7 {[%emt 0:01:32]} 39. Qf3 {[%emt 0:01:36]} Kg7 {[%emt 0:00:27]} 40. Qe3 {[%emt 0:00:00]} Rc7 {[%emt 0:00:00]} 41. g3 {[%emt 0:06:23]} Rc8 {[%emt 0:10:09]} 42. Kg2 {[%emt 0:02:02]} Nf7 {[%emt 0:04:54]} 43. Bb5 {[%emt 0:09:19]} Nd6 {[%emt 0:02:04]} 44. Bd7 {[%emt 0:01:21]} Rc7 {[%emt 0:00:13]} 45. Bc6 {[%emt 0:01:00]} Qa7 {[%emt 0:01:20]} 46. f3 {[%emt 0:03:51]} Be8 {[%emt 0:00:39]} 47. Bxe8 {[%emt 0:06:36]} Nxe8 {[%emt 0:00:06]} 48. Nc4 {[%emt 0:00:14]} Kf7 {[%emt 0:02:31]} 49. f4 {[%emt 0:00:29]} exf4 {[%emt 0:07:36]} 50. gxf4 {[%emt 0:00:10]} Qa6 {[%emt 0:01:41]} 51. e5 {[%emt 0:01:19]} Qb7 {[%emt 0:01:17]} 52. Rd1 {[%emt 0:00:40]} Re7 {[%emt 0:02:29]} 53. fxg5 {[%emt 0:03:32]} hxg5 {[%emt 0:00:27]} 54. e6+ {[%emt 0:00:08]} Kg7 {[%emt 0:03:16]} 55. Qf3 {[%emt 0:00:08]} Qb8 {[%emt 0:01:31]} 56. Qg3 {[%emt 0:01:18]} Qd8 {[%emt 0:01:48]} 57. Ne3 {[%emt 0:01:11]} Kg6 {[%emt 0:03:39]} 58. h4 {[%emt 0:00:21]} Qd6 {[%emt 0:03:27]} 59. hxg5 {[%emt 0:00:49]} fxg5 {[%emt 0:00:33]} 60. Nc4 {[%emt 0:00:55]} Qxg3+ {[%emt 0:03:40]} 61. Kxg3 {[%emt 0:00:02]} Nf6 {[%emt 0:00:33]} 62. Nxa5 {[%emt 0:01:42]} Ne4+ {[%emt 0:00:52]} 63. Kf3 {[%emt 0:00:07]} Nd6 {[%emt 0:00:07]} 64. Nc4 {[%emt 0:00:15]} Nb7 {[%emt 0:03:36]} 65. Ke4 {[%emt 0:01:06]} Nd8 {[%emt 0:00:23]} 66. Ne5+ {[%emt 0:00:14]} Kf6 {[%emt 0:00:30]} 67. Rf1+ {[%emt 0:00:23]} Kg7 {[%emt 0:00:04]} 68. Kf5 {[%emt 0:00:41]} Re8 {[%emt 0:00:49]} 69. Kxg5 {[%emt 0:00:55]} Nxe6+ {[%emt 0:00:04]} 70. dxe6 {[%emt 0:00:10]} Rxe6 {[%emt 0:00:02]} 71. Rf7+ {[%emt 0:01:48]} Kg8 {[%emt 0:00:05]} 72. Rf5 {[%emt 0:00:04]} Rd6 {[%emt 0:00:52]} 73. Kf4 {[%emt 0:00:28]} Rd1 {[%emt 0:00:20]} 74. Ke4 {[%emt 0:00:10]} Rd4+ {[%emt 0:01:30]} 75. Ke3 {[%emt 0:00:07]} Rd5 {[%emt 0:00:17]} 76. Nc6 {[%emt 0:01:37]} Rxf5 {[%emt 0:01:29]} 77. Ne7+ {[%emt 0:00:03]} Kf7 {[%emt 0:00:04]} 78. Nxf5 {[%emt 0:00:13]} Ke6 {[%emt 0:00:03]} 79. Ke4 {[%emt 0:01:02]} Kf6 {[%emt 0:00:47]} 80. Ne3 {[%emt 0:00:18]} 1-0

[Event "22nd ETCC Women 2019"]
[Site "Batumi"]
[Date "2019.10.27"]
[Round "4.25"]
[White "Shvayger, Yuliya"]
[Black "Socko, Monika"]
[Result "1/2-1/2"]
[WhiteElo "2336"]
[BlackElo "2417"]
[Annotator "NA"]
[PlyCount "144"]
[EventDate "2019.10.24"]
[EventType "team-tourn"]
[EventCountry "GEO"]
[SourceTitle "playchess.com"]
[Source "ChessBase"]
[SourceQuality "1"]
[WhiteTeam "Israel"]
[BlackTeam "Poland"]
[WhiteTeamCountry "ISR"]
[BlackTeamCountry "POL"]
[TimeControl "40/5400+30:1800+30"]

1. e4 {[%emt 0:00:00]} e6 {[%emt 0:00:00]} 2. d4 {[%emt 0:00:00]} d5 {[%emt 0:00:00]} 3. Nd2 {[%emt 0:00:12]} Be7 {[%emt 0:00:00]} 4. Ngf3 {[%emt 0:00:28]} Nf6 {[%emt 0:00:00]} 5. e5 {[%emt 0:00:21]} Nfd7 {[%emt 0:00:00]} 6. Bd3 {[%emt 0:00:47]} c5 {[%emt 0:00:00]} 7. c3 {[%emt 0:00:36]} b6 {[%emt 0:00:03]} 8. O-O {[%emt 0:00:35]} Ba6 {[%emt 0:00:24]} 9. Ne1 {[%emt 0:00:21]} Bxd3 {[%emt 0:00:51]} 10. Nxd3 {[%emt 0:00:09]} Nc6 {[%emt 0:00:04]} 11. Qg4 {[%emt 0:00:55]} g6 {[%emt 0:01:11]} 12. Nf3 {[%emt 0:00:33]} h5 {[%emt 0:01:49]} 13. Qg3 {[%emt 0:01:12]} c4 {[%emt 0:07:33]} 14. Nde1 {[%emt 0:03:25]} h4 {[%emt 0:10:11]} 15. Qg4 {[%emt 0:00:21]} Rh5 {[%emt 0:03:45]} 16. h3 {[%emt 0:01:37]} Nf8 {[%emt 0:04:18]} 17. Nc2 {[%emt 0:01:07]} Nh7 {[%emt 0:03:12]} 18. Bd2 {[%emt 0:08:09]} Qc7 {[%emt 0:03:55]} 19. b3 {[%emt 0:03:11]} Na5 {[%emt 0:01:08]} 20. Rfb1 {[%emt 0:01:29]} O-O-O {[%emt 0:04:28]} 21. Ne3 {[%emt 0:14:56]} Kb7 {[%emt 0:04:19]} 22. Nf1 {[%emt 0:03:40]} Rc8 {[%emt 0:04:48]} 23. Rb2 {[%emt 0:02:17]} Qd8 {[%emt 0:01:31]} 24. b4 {[%emt 0:04:18]} Nc6 {[%emt 0:00:47]} 25. b5 {[%emt 0:00:06]} Na5 {[%emt 0:01:23]} 26. Re1 {[%emt 0:01:50]} Ng5 {[%emt 0:02:29]} 27. Nxg5 {[%emt 0:01:10]} Bxg5 {[%emt 0:00:02]} 28. Bxg5 {[%emt 0:01:13]} Rxg5 {[%emt 0:01:00]} 29. Qe2 {[%emt 0:01:53]} Rh5 {[%emt 0:03:18]} 30. Ne3 {[%emt 0:00:20]} Rc7 {[%emt 0:02:06]} 31. Qf3 {[%emt 0:02:28]} Qe7 {[%emt 0:02:00]} 32. Rb4 {[%emt 0:00:22]} Kb8 {[%emt 0:00:33]} 33. Ng4 {[%emt 0:02:16]} Qg5 {[%emt 0:03:50]} 34. Nf6 {[%emt 0:01:22]} Rh8 {[%emt 0:00:17]} 35. Qe3 {[%emt 0:00:51]} Qf5 {[%emt 0:03:35]} 36. Qc1 {[%emt 0:00:21]} Kb7 {[%emt 0:01:59]} 37. Re3 {[%emt 0:06:39]} Qf4 {[%emt 0:00:37]} 38. Rb1 {[%emt 0:04:36]} Qh6 {[%emt 0:00:49]} 39. Qa3 {[%emt 0:00:43]} Qf8 {[%emt 0:02:10]} 40. Qb2 {[%emt 0:00:00]} Kb8 {[%emt 0:00:00]} 41. Kf1 {[%emt 0:12:53]} Qe7 {[%emt 0:05:53]} 42. Ke2 {[%emt 0:02:12]} Ka8 {[%emt 0:00:10]} 43. Qb4 {[%emt 0:04:22]} Nb7 {[%emt 0:02:42]} 44. Qxe7 {[%emt 0:01:43]} Rxe7 {[%emt 0:00:02]} 45. Kf3 {[%emt 0:00:06]} Na5 {[%emt 0:00:50]} 46. Re2 {[%emt 0:02:10]} Kb7 {[%emt 0:04:39]} 47. Kg4 {[%emt 0:00:06]} Rc7 {[%emt 0:00:44]} 48. Kg5 {[%emt 0:01:07]} Rcc8 {[%emt 0:01:25]} 49. Re3 {[%emt 0:06:08]} a6 {[%emt 0:04:35]} 50. bxa6+ {[%emt 0:10:20]} Kxa6 {[%emt 0:00:54]} 51. Rf3 {[%emt 0:01:43]} Rc7 {[%emt 0:01:56]} 52. Rf4 {[%emt 0:00:06]} b5 {[%emt 0:00:14]} 53. Rxh4 {[%emt 0:00:21]} Rb8 {[%emt 0:00:13]} 54. Rf4 {[%emt 0:12:13]} b4 {[%emt 0:02:31]} 55. cxb4 {[%emt 0:03:59]} c3 {[%emt 0:01:20]} 56. Rc1 {[%emt 0:00:05]} Rxb4 {[%emt 0:00:23]} 57. Ne8 {[%emt 0:00:08]} Rc6 {[%emt 0:01:30]} 58. Rxf7 {[%emt 0:00:30]} Rxd4 {[%emt 0:03:46]} 59. Nc7+ {[%emt 0:04:09]} Kb6 {[%emt 0:00:05]} 60. Nxe6 {[%emt 0:00:26]} Rxe6 {[%emt 0:00:27]} 61. Rf6 {[%emt 0:00:01]} Rc6 {[%emt 0:04:46]} 62. Rxc3 {[%emt 0:00:33]} Rdc4 {[%emt 0:00:02]} 63. Rd3 {[%emt 0:00:52]} Kc5 {[%emt 0:01:57]} 64. Kxg6 {[%emt 0:00:28]} d4 {[%emt 0:02:08]} 65. e6 {[%emt 0:00:47]} Rc2 {[%emt 0:05:18]} 66. Rdf3 {[%emt 0:04:29]} Nc4 {[%emt 0:01:30]} 67. R3f5+ {[%emt 0:00:05]} Kb4 {[%emt 0:00:09]} 68. Rd5 {[%emt 0:01:56]} Kc3 {[%emt 0:00:41]} 69. e7 {[%emt 0:02:50]} Rxf6+ {[%emt 0:00:35]} 70. Kxf6 {[%emt 0:00:05]} Rxf2+ {[%emt 0:00:03]} 71. Ke6 Re2+ {[%emt 0:00:44]} 72. Kf7 {[%emt 0:00:31]} Rf2+ {[%emt 0:03:17]} 1/2-1/2

[Event "22nd ETCC Women 2019"]
[Site "Batumi"]
[Date "2019.10.27"]
[Round "4.25"]
[White "Georgescu, Lena"]
[Black "Machlik, Edit"]
[Result "1-0"]
[WhiteElo "2271"]
[BlackElo "2062"]
[Annotator "NA"]
[PlyCount "79"]
[EventDate "2019.10.24"]
[EventType "team-tourn"]
[EventCountry "GEO"]
[SourceTitle "playchess.com"]
[Source "ChessBase"]
[SourceQuality "1"]
[WhiteTeam "Switzerland"]
[BlackTeam "Norway"]
[WhiteTeamCountry "SUI"]
[BlackTeamCountry "NOR"]
[TimeControl "40/5400+30:1800+30"]

1. e4 {[%emt 0:00:00]} c6 {[%emt 0:00:00]} 2. d4 {[%emt 0:00:00]} d5 {[%emt 0:00:00]} 3. e5 {[%emt 0:00:00]} Bf5 {[%emt 0:00:00]} 4. h4 {[%emt 0:00:00]} h5 {[%emt 0:02:58]} 5. Bd3 {[%emt 0:00:00]} Bxd3 {[%emt 0:02:43]} 6. Qxd3 {[%emt 0:00:00]} e6 {[%emt 0:00:47]} 7. Bg5 {[%emt 0:00:00]} Qb6 {[%emt 0:03:14]} 8. Nd2 {[%emt 0:00:11]} Qa6 {[%emt 0:19:08]} 9. c4 {[%emt 0:01:12]} Bb4 {[%emt 0:02:38]} 10. b3 {[%emt 0:01:14]} Nd7 {[%emt 0:25:36]} 11. Ngf3 {[%emt 0:05:05]} Ne7 {[%emt 0:17:51]} 12. O-O {[%emt 0:07:58]} Nf5 {[%emt 0:01:03]} 13. Rfd1 {[%emt 0:09:41]} f6 {[%emt 0:07:41]} 14. Bf4 {[%emt 0:16:26]} Kf7 {[%emt 0:00:21]} 15. Nf1 {[%emt 0:04:33]} Nb6 {[%emt 0:02:24]} 16. Rac1 {[%emt 0:10:59]} Rac8 {[%emt 0:03:49]} 17. Ne3 {[%emt 0:02:42]} Nxe3 {[%emt 0:00:50]} 18. fxe3 {[%emt 0:01:27]} f5 {[%emt 0:02:03]} 19. Qb1 {[%emt 0:06:01]} Ba3 {[%emt 0:01:09]} 20. Rc2 {[%emt 0:00:08]} Nd7 {[%emt 0:03:14]} 21. Rf1 {[%emt 0:02:51]} g6 {[%emt 0:01:15]} 22. Qe1 {[%emt 0:01:49]} b5 {[%emt 0:00:25]} 23. c5 {[%emt 0:03:42]} Qb7 {[%emt 0:00:19]} 24. Qg3 {[%emt 0:01:17]} Rhg8 {[%emt 0:00:21]} 25. Bg5 {[%emt 0:02:02]} Qc7 {[%emt 0:00:44]} 26. Ne1 {[%emt 0:00:47]} Qb8 {[%emt 0:00:57]} 27. Nd3 {[%emt 0:00:21]} a5 {[%emt 0:01:13]} 28. Nf4 {[%emt 0:01:07]} Bb4 {[%emt 0:00:22]} 29. Bf6 {[%emt 0:04:22]} Qc7 {[%emt 0:00:48]} 30. Qg5 {[%emt 0:00:39]} Rce8 {[%emt 0:00:29]} 31. Rf3 {[%emt 0:05:52]} a4 {[%emt 0:00:14]} 32. Re2 {[%emt 0:05:42]} axb3 {[%emt 0:00:06]} 33. axb3 {[%emt 0:00:01]} Qa7 {[%emt 0:00:27]} 34. Rg3 {[%emt 0:00:23]} Qa1+ {[%emt 0:00:35]} 35. Kf2 {[%emt 0:03:26]} Bxc5 {[%emt 0:00:45]} 36. Qh6 {[%emt 0:01:34]} Nxf6 {[%emt 0:01:00]} 37. exf6 {[%emt 0:00:12]} Bd6 {[%emt 0:00:27]} 38. Qh7+ {[%emt 0:00:28]} Kxf6 {[%emt 0:00:17]} 39. Rxg6+ {[%emt 0:00:18]} Rxg6 {[%emt 0:00:12]} 40. Nxh5# {[%emt 0:00:00]} 1-0

[Event "22nd ETCC Women 2019"]
[Site "Batumi"]
[Date "2019.10.27"]
[Round "4.26"]
[White "Zawadzka, Jolanta"]
[Black "Efroimski, Marsel"]
[Result "1-0"]
[WhiteElo "2406"]
[BlackElo "2317"]
[Annotator "NA"]
[PlyCount "75"]
[EventDate "2019.10.24"]
[EventType "team-tourn"]
[EventCountry "GEO"]
[SourceTitle "playchess.com"]
[Source "ChessBase"]
[SourceQuality "1"]
[WhiteTeam "Poland"]
[BlackTeam "Israel"]
[WhiteTeamCountry "POL"]
[BlackTeamCountry "ISR"]
[TimeControl "40/5400+30:1800+30"]

1. e4 {[%emt 0:00:00]} c6 {[%emt 0:00:00]} 2. d4 {[%emt 0:00:00]} d5 {[%emt 0:00:00]} 3. Nd2 {[%emt 0:00:03]} dxe4 {[%emt 0:00:00]} 4. Nxe4 {[%emt 0:00:06]} Nf6 {[%emt 0:00:00]} 5. Nxf6+ {[%emt 0:00:24]} exf6 {[%emt 0:00:00]} 6. c3 {[%emt 0:00:27]} Bd6 {[%emt 0:00:05]} 7. Bd3 {[%emt 0:00:37]} O-O {[%emt 0:00:05]} 8. Ne2 {[%emt 0:00:16]} Re8 {[%emt 0:00:23]} 9. O-O {[%emt 0:00:29]} Na6 {[%emt 0:06:36]} 10. Bf4 {[%emt 0:06:21]} Nc7 {[%emt 0:02:43]} 11. Bg3 {[%emt 0:05:02]} Ne6 {[%emt 0:03:22]} 12. Qc2 {[%emt 0:03:50]} g6 {[%emt 0:02:09]} 13. Rad1 {[%emt 0:00:49]} Ng7 {[%emt 0:01:27]} 14. c4 {[%emt 0:13:00]} Bf5 {[%emt 0:02:04]} 15. Nc3 {[%emt 0:04:55]} Bxg3 {[%emt 0:03:33]} 16. hxg3 {[%emt 0:00:23]} Qc7 {[%emt 0:16:26]} 17. d5 {[%emt 0:09:07]} Re5 {[%emt 0:07:01]} 18. b4 {[%emt 0:08:26]} Rd8 {[%emt 0:09:18]} 19. Qb3 {[%emt 0:04:07]} Bxd3 {[%emt 0:04:45]} 20. Rxd3 {[%emt 0:00:08]} Qe7 {[%emt 0:00:11]} 21. a3 {[%emt 0:05:08]} Ne8 {[%emt 0:08:05]} 22. Qd1 {[%emt 0:02:24]} c5 {[%emt 0:04:50]} 23. Qa4 {[%emt 0:09:53]} b6 {[%emt 0:03:30]} 24. Nb5 {[%emt 0:02:06]} Nd6 {[%emt 0:05:19]} 25. Nxd6 {[%emt 0:09:07]} Rxd6 {[%emt 0:03:21]} 26. bxc5 {[%emt 0:00:05]} bxc5 {[%emt 0:00:07]} 27. Qa5 {[%emt 0:00:09]} Rd7 {[%emt 0:02:03]} 28. Rb3 {[%emt 0:01:42]} Qf8 {[%emt 0:06:44]} 29. Rfb1 {[%emt 0:03:01]} Qh6 {[%emt 0:01:53]} 30. g4 {[%emt 0:05:15]} Rde7 {[%emt 0:04:40]} 31. d6 {[%emt 0:00:29]} Rd7 {[%emt 0:00:54]} 32. Qc7 {[%emt 0:02:01]} Rxc7 {[%emt 0:03:54]} 33. dxc7 {[%emt 0:00:02]} Qd2 {[%emt 0:00:27]} 34. c8=Q+ {[%emt 0:00:14]} Kg7 {[%emt 0:00:04]} 35. Rb8 {[%emt 0:01:29]} Re1+ {[%emt 0:00:11]} 36. Rxe1 {[%emt 0:00:20]} Qxe1+ {[%emt 0:00:02]} 37. Kh2 {[%emt 0:00:05]} Qe5+ {[%emt 0:00:03]} 38. g3 {[%emt 0:00:23]} 1-0

[Event "22nd ETCC Women 2019"]
[Site "Batumi"]
[Date "2019.10.27"]
[Round "4.26"]
[White "Johnsen, Sylvia"]
[Black "De Seroux, Camille"]
[Result "1/2-1/2"]
[WhiteElo "1898"]
[BlackElo "2140"]
[Annotator "NA"]
[PlyCount "151"]
[EventDate "2019.10.24"]
[EventType "team-tourn"]
[EventCountry "GEO"]
[SourceTitle "playchess.com"]
[Source "ChessBase"]
[SourceQuality "1"]
[WhiteTeam "Norway"]
[BlackTeam "Switzerland"]
[WhiteTeamCountry "NOR"]
[BlackTeamCountry "SUI"]
[TimeControl "40/5400+30:1800+30"]

1. e4 {[%emt 0:00:00]} c5 {[%emt 0:00:00]} 2. Nf3 {[%emt 0:00:00]} d6 {[%emt 0:00:00]} 3. Bc4 {[%emt 0:00:00]} Nc6 {[%emt 0:02:33]} 4. c3 {[%emt 0:00:40]} Nf6 {[%emt 0:02:45]} 5. d3 {[%emt 0:00:39]} e6 {[%emt 0:01:03]} 6. Qe2 {[%emt 0:01:41]} Be7 {[%emt 0:01:20]} 7. Bb3 {[%emt 0:00:18]} O-O {[%emt 0:01:16]} 8. O-O {[%emt 0:00:07]} b6 {[%emt 0:04:10]} 9. Bc2 {[%emt 0:12:09]} Ba6 {[%emt 0:06:52]} 10. a4 {[%emt 0:04:26]} Rc8 {[%emt 0:10:25]} 11. Na3 {[%emt 0:02:40]} Re8 {[%emt 0:03:38]} 12. Nb5 {[%emt 0:03:08]} Qd7 {[%emt 0:03:06]} 13. d4 {[%emt 0:08:16]} cxd4 {[%emt 0:03:23]} 14. Nfxd4 {[%emt 0:02:24]} Bb7 {[%emt 0:10:38]} 15. Nxc6 {[%emt 0:04:46]} Bxc6 {[%emt 0:00:29]} 16. Nd4 {[%emt 0:02:15]} Ba8 {[%emt 0:03:12]} 17. a5 {[%emt 0:02:40]} Qb7 {[%emt 0:02:35]} 18. a6 {[%emt 0:02:07]} Qb8 {[%emt 0:00:32]} 19. f3 {[%emt 0:11:14]} Rc5 {[%emt 0:04:18]} 20. Nb5 {[%emt 0:07:02]} Bf8 {[%emt 0:07:51]} 21. Be3 {[%emt 0:00:42]} Rcc8 {[%emt 0:02:26]} 22. Bg5 {[%emt 0:02:14]} Nd7 {[%emt 0:02:15]} 23. f4 {[%emt 0:04:15]} d5 {[%emt 0:09:31]} 24. e5 {[%emt 0:02:02]} Nc5 {[%emt 0:01:07]} 25. Rfd1 {[%emt 0:09:03]} Ne4 {[%emt 0:03:08]} 26. Bxe4 {[%emt 0:01:59]} dxe4 {[%emt 0:00:03]} 27. Nd6 {[%emt 0:01:27]} b5 {[%emt 0:07:56]} 28. Nxb5 {[%emt 0:04:23]} Bd5 {[%emt 0:01:35]} 29. Nd4 {[%emt 0:03:40]} Qb6 {[%emt 0:00:24]} 30. Rd2 {[%emt 0:01:38]} Bc4 {[%emt 0:01:27]} 31. Qxe4 {[%emt 0:00:31]} Bxa6 {[%emt 0:00:12]} 32. f5 {[%emt 0:03:50]} exf5 {[%emt 0:02:31]} 33. Qxf5 {[%emt 0:00:17]} Rc5 {[%emt 0:00:40]} 34. Bf4 {[%emt 0:01:38]} f6 {[%emt 0:01:29]} 35. Qd7 {[%emt 0:01:01]} Re7 {[%emt 0:00:53]} 36. Qd6 {[%emt 0:00:25]} fxe5 {[%emt 0:00:59]} 37. Rxa6 {[%emt 0:00:07]} Qxd6 {[%emt 0:00:26]} 38. Rxd6 {[%emt 0:00:09]} exf4 {[%emt 0:00:19]} 39. Ra6 {[%emt 0:00:15]} Rd5 {[%emt 0:01:20]} 40. Kf2 {[%emt 0:00:00]} g6 {[%emt 0:00:00]} 41. Re2 {[%emt 0:02:51]} Rxe2+ {[%emt 0:07:08]} 42. Kxe2 {[%emt 0:00:06]} Bc5 {[%emt 0:04:21]} 43. Kd3 {[%emt 0:03:15]} Bb6 {[%emt 0:04:14]} 44. b4 {[%emt 0:01:52]} Rh5 {[%emt 0:03:07]} 45. h3 {[%emt 0:01:57]} Rg5 {[%emt 0:00:28]} 46. Ra2 {[%emt 0:00:11]} Rg3+ {[%emt 0:00:52]} 47. Nf3 {[%emt 0:01:08]} g5 {[%emt 0:03:34]} 48. c4 {[%emt 0:00:07]} h5 {[%emt 0:01:02]} 49. Ke4 {[%emt 0:06:48]} g4 {[%emt 0:03:45]} 50. hxg4 {[%emt 0:00:44]} hxg4 {[%emt 0:00:16]} 51. c5 {[%emt 0:00:11]} gxf3 {[%emt 0:02:36]} 52. gxf3 {[%emt 0:00:23]} Rh3 {[%emt 0:02:58]} 53. cxb6 {[%emt 0:04:30]} axb6 {[%emt 0:00:08]} 54. Rg2+ {[%emt 0:00:17]} Kf7 {[%emt 0:01:36]} 55. Kxf4 {[%emt 0:00:13]} Rh5 {[%emt 0:01:06]} 56. Rg5 {[%emt 0:02:26]} Rh4+ {[%emt 0:00:10]} 57. Rg4 {[%emt 0:00:23]} Rh5 {[%emt 0:00:11]} 58. Ke4 {[%emt 0:00:49]} Rb5 {[%emt 0:00:49]} 59. Rf4+ {[%emt 0:01:31]} Ke6 {[%emt 0:00:27]} 60. Kd3 {[%emt 0:00:25]} Rh5 {[%emt 0:00:56]} 61. Rd4 {[%emt 0:03:02]} Rh3 {[%emt 0:00:47]} 62. Ke4 {[%emt 0:00:38]} Rh1 {[%emt 0:00:26]} 63. Rc4 {[%emt 0:00:57]} Re1+ {[%emt 0:00:26]} 64. Kf4 {[%emt 0:01:35]} Kd5 {[%emt 0:00:06]} 65. Re4 {[%emt 0:00:45]} Rf1 {[%emt 0:00:52]} 66. Kg4 {[%emt 0:00:25]} b5 {[%emt 0:00:39]} 67. Rf4 {[%emt 0:01:20]} Rc1 {[%emt 0:00:43]} 68. Kf5 {[%emt 0:00:49]} Rc4 {[%emt 0:00:41]} 69. Re4 {[%emt 0:00:08]} Rc3 {[%emt 0:00:32]} 70. f4 {[%emt 0:02:19]} Rh3 {[%emt 0:00:32]} 71. Re8 {[%emt 0:01:24]} Kc4 {[%emt 0:00:22]} 72. Re4+ {[%emt 0:00:29]} Kd5 {[%emt 0:00:02]} 73. Re1 {[%emt 0:01:19]} Rb3 {[%emt 0:00:12]} 74. Rd1+ {[%emt 0:00:10]} Kc4 {[%emt 0:00:19]} 75. Ke6 {[%emt 0:01:00]} Kxb4 {[%emt 0:00:33]} 76. f5 {[%emt 0:00:27]} 1/2-1/2

[Event "22nd ETCC Women 2019"]
[Site "Batumi"]
[Date "2019.10.27"]
[Round "4.27"]
[White "Klinova, Masha"]
[Black "Cyfka, Karina"]
[Result "0-1"]
[WhiteElo "2277"]
[BlackElo "2412"]
[Annotator "NA RC"]
[PlyCount "79"]
[EventDate "2019.10.24"]
[EventType "team-tourn"]
[EventCountry "GEO"]
[SourceTitle "playchess.com"]
[Source "ChessBase"]
[SourceQuality "1"]
[WhiteTeam "Israel"]
[BlackTeam "Poland"]
[WhiteTeamCountry "ISR"]
[BlackTeamCountry "POL"]
[TimeControl "40/5400+30:1800+30"]

1. e4 {[%emt 0:00:00]} e5 {[%emt 0:00:00]} 2. Nf3 {[%emt 0:00:00]} Nc6 {[%emt 0:00:00]} 3. Bc4 {[%emt 0:00:00]} Nf6 {[%emt 0:00:09]} 4. d3 {[%emt 0:00:00]} h6 {[%emt 0:00:17]} 5. O-O {[%emt 0:02:12]} d6 {[%emt 0:00:17]} 6. a4 {[%emt 0:01:33]} g5 {[%emt 0:01:11]} 7. Be3 {[%emt 0:03:17]} Bg7 {[%emt 0:04:40]} 8. Nc3 {[%emt 0:06:30]} O-O {[%emt 0:12:45]} 9. Nd2 {[%emt 0:08:09]} Ne7 {[%emt 0:03:07]} 10. f3 {[%emt 0:15:53]} c6 {[%emt 0:09:41]} 11. d4 {[%emt 0:07:57]} Ng4 12. fxg4 {[%emt 0:03:01]} exd4 {[%emt 0:09:26]} 13. Qf3 {[%emt 0:03:53]} Be6 {[%emt 0:11:57]} 14. Bxd4 {[%emt 0:08:26]} Bxd4+ {[%emt 0:00:07]} 15. Kh1 {[%emt 0:00:01]} Ng6 {[%emt 0:03:21]} 16. Qd3 {[%emt 0:07:04]} Be5 {[%emt 0:08:50]} 17. Bxe6 {[%emt 0:04:23]} fxe6 {[%emt 0:00:04]} 18. Nc4 {[%emt 0:00:25]} Qe7 {[%emt 0:03:51]} 19. Nxe5 {[%emt 0:06:28]} Nxe5 {[%emt 0:00:17]} 20. Qe2 {[%emt 0:00:05]} Rxf1+ {[%emt 0:03:26]} 21. Rxf1 {[%emt 0:00:05]} Rf8 {[%emt 0:00:07]} 22. h3 {[%emt 0:00:12]} Rxf1+ {[%emt 0:02:50]} 23. Qxf1 {[%emt 0:00:05]} Kg7 {[%emt 0:04:32]} 24. Qf2 {[%emt 0:01:31]} b6 {[%emt 0:01:34]} 25. Qd2 {[%emt 0:02:57]} Nf7 {[%emt 0:02:46]} 26. Ne2 {[%emt 0:00:25]} Qf6 {[%emt 0:01:49]} 27. c3 {[%emt 0:03:18]} c5 {[%emt 0:01:54]} 28. Qd3 {[%emt 0:01:26]} Qe7 {[%emt 0:03:23]} 29. Ng1 {[%emt 0:04:34]} Ne5 {[%emt 0:01:30]} 30. Qe2 {[%emt 0:00:10]} Qd7 {[%emt 0:02:43]} 31. Qa6 {[%emt 0:03:07]} Qf7 {[%emt 0:02:39]} 32. Qe2 {[%emt 0:00:06]} Qf4 {[%emt 0:02:57]} 33. Nf3 {[%emt 0:00:26]} Nxf3 {[%emt 0:02:05]} 34. gxf3 {[%emt 0:00:41]} Qg3 {[%emt 0:00:20]} 35. Qd3 {[%emt 0:06:02]} Kf6 {[%emt 0:01:02]} 36. b4 {[%emt 0:00:46]} Ke5 {[%emt 0:01:13]} 37. bxc5 {[%emt 0:00:41]} bxc5 {[%emt 0:00:09]} 38. c4 {[%emt 0:00:08]} Qf2 {[%emt 0:00:31]} 39. Qc3+ {[%emt 0:00:22]} Kf4 {[%emt 0:00:31]} 40. Qc1+ {[%emt 0:00:00]} 0-1